000 00428nam a22001577a 4500
005 20250915143622.0
008 250915b |||||||| |||| 00| 0 eng d
020 _a979-8-88715-060-4
100 _aCARLSON PAULA SETH
245 _aFRESHWATER FISH FARMING
260 _aDUBLIN
_bORYSON PRESS
_c2023
300 _aXI,328P.
500 _aINCLUDES AN INDEX
650 _aFISH CULTURE- FRESHWATER ACQUACULTURE
942 _2lcc
_cBK
999 _c216088
_d216088